000 00740nam a2200253Ia 4500
003 OSt
005 20220925203711.0
006 a|||||r|||| 00| 0
007 ta
008 220923b |||||||| |||| 00| 0 eng d
037 _cGeneral Book
040 _aRTL
_cRTL
_beng
041 _2eng
_aeng
082 _aY7:1, L2
100 _aKaplan David
_9131613
245 0 _aCulture theory
260 _aEnglewood
_bCliffs New Jersey Prentice-Hall
_c1972
300 _axii, 212p
_ccm.
490 _aFoundations of Modern Anthropology Series. Ed by Marshall D Sahlins
650 _aRace
700 _a Manners Robert A
_9131614
942 _hY7:1, L2
_cGB
_2CC
999 _c547469
_d547469